| 000 | 00487nam a2200169 i 4500 | ||
|---|---|---|---|
| 001 | 140765 | ||
| 003 | ES-MaACL | ||
| 005 | 20240516063049.0 | ||
| 007 | t| | ||
| 008 | 070917s1917 fr ||||1| fre d | ||
| 100 | 0 |
_aWells, H. G., _d1866-1946 _9116458 |
|
| 245 | 1 | 0 |
_aM. Britling commerce á voir clair / _cH. G. Wells. |
| 260 |
_a[S.l. : _bs.n.], _c1917 ( _eCorbeil : _fCreté) |
||
| 300 |
_a470 p. ; _c18 cm. |
||
| 852 |
_aES-MaACL _jF-3496 |
||
| 999 |
_c140765 _d140765 |
||